书目信息 |
| 题名: |
伟大的电影
|
|
| 作者: | 伊伯特 著 ;李尚 译 | |
| 分册: | Ⅳ | |
| 出版信息: | 贵阳 贵州人民出版社 2024.11 |
|
| 页数: | 22,400页 | |
| 开本: | 21cm | |
| 丛书名: | 后浪电影学院 | |
| 单 册: | ||
| 中图分类: | J905.1 | |
| 科图分类: | ||
| 主题词: | 电影评论--世界 | |
| 电子资源: | ||
| ISBN: | 978-7-221-18212-8 | |
| 000 | 01079nam0 2200277 450 | |
| 001 | 013504892 | |
| 005 | 20251023100052.01 | |
| 010 | @a978-7-221-18212-8@dCNY80.00 | |
| 100 | @a20250319d2024 em y0chiy0120 ea | |
| 101 | 1 | @achi@ceng |
| 102 | @aCN@b520000 | |
| 105 | @aa z 000yy | |
| 106 | @ar | |
| 200 | 1 | @a伟大的电影@9wei da de dian ying@e终章@dThe great movies@hⅣ@f(德)罗杰·伊伯特(Roger Ebert)著@g李尚译@zeng |
| 210 | @a贵阳@c贵州人民出版社@d2024.11 | |
| 215 | @a22,400页@c图@d21cm | |
| 225 | 1 | @a后浪电影学院@v224 |
| 330 | @a本书共收录伊伯特最后62篇影评,彼时作者已身染重疾,但我们可以看到他的笔力依旧强劲,视野也愈发开阔。他对偏于一隅的冷门佳作和公认的影史名片怀抱有同样的热情,以开放包容的美学标准和不乏直抒胸臆的感性判断,为这份“超长片单”画上了完美句点。 | |
| 461 | 0 | @12001 @a后浪电影学院 |
| 510 | 1 | @aGreat movies@hⅣ@zeng |
| 606 | 0 | @a电影评论@y世界 |
| 690 | @aJ905.1@v5 | |
| 701 | 0 | @c(德)@a伊伯特@9yi bo te@c(Ebert, Roger)@4著 |
| 702 | 0 | @a李尚@9li shang@4译 |
| 801 | 0 | @aCN@c20250911 |
| 905 | @a河南城建学院图书馆@dJ905.1@eY487:4@ZY487:4@f1 | |
| 伟大的电影:终章=The great movies.Ⅳ/(德)罗杰·伊伯特(Roger Ebert)著/李尚译.-贵阳:贵州人民出版社,2024.11 |
| 22,400页:图;21cm.-(后浪电影学院;224) |
| ISBN 978-7-221-18212-8:CNY80.00 |
| 本书共收录伊伯特最后62篇影评,彼时作者已身染重疾,但我们可以看到他的笔力依旧强劲,视野也愈发开阔。他对偏于一隅的冷门佳作和公认的影史名片怀抱有同样的热情,以开放包容的美学标准和不乏直抒胸臆的感性判断,为这份“超长片单”画上了完美句点。 |
| ● |
| 相关链接 |
|
|
|
正题名:伟大的电影
索取号:J905.1/Y487:4
 
预约/预借
| 序号 | 登录号 | 条形码 | 馆藏地/架位号 | 状态 | 备注 |
| 1 | 1636505 | 216365056 | 社科库309/309社科库 97排2列5层/ [索取号:J905.1/Y487:4] | 在馆 |